Normal view
MARC view
- Iqbal, Hussain
Entry Personal Name
001 - CONTROL NUMBER
- control field: 7688
003 - CONTROL NUMBER IDENTIFIER
- control field: OSt
005 - DATE AND TIME OF LATEST TRANSACTION
- control field: 20250804161144.0
008 - FIXED-LENGTH DATA ELEMENTS
- fixed length control field: 250804|| aca||aabn | a|a d
040 ## - CATALOGING SOURCE
- Original cataloging agency: OSt
- Transcribing agency: OSt
100 ## - HEADING--PERSONAL NAME
- Personal name: Iqbal, Hussain
670 ## - SOURCE DATA FOUND
- Source citation: Work cat.: (OSt)10195: Mathur, . 7687, Economics of energy plantation: proceeding of national work shop on economics of energy plantation / , 1992.
